Rappeurs US v3 (ATL edition) - Statistiques

Statistiques générales
  • Ce quiz a été pris 207 fois
  • Le résultat moyen est 9 sur 16
Statistiques - réponses
Par images Réponse % Correct
21 Savage
92%
Quavo
90%
Lil baby
88%
Offset
88%
Gunna
82%
Takeoff
76%
Lil Yachty
75%
Gucci Mane
69%
Latto
49%
Soulja Boy
32%
Young Thug
30%
Rich the Kid
28%
2 Chainz
27%
Young Nudy
22%
Rich Homie Quan
16%
Money Man
6%
Aucun quiz correspondant
Distribution des résultats
% des personnes avec chaque résultat
Percentile par nombre de réponses
Votre historique - résultats
Vous n’avez pas pris ce quiz